00599 2200229 4500001002100000005001500021035002000036007000300056008004100059020002200100082001100122084002200133084002200155084002200177100002200199245005900221260002400280300002600304990001300330990001300343990001300356INLIS00000000000955520230706015332 a0010-0723000085ta230706 g 0 ind  a978-602-02-5746-4 a612.67 a612.67 ROS u C.1 a612.67 ROS u C.2 a612.67 ROS u C.30 aRosa Amanda Salim1 a(Un)Complicated Perimenopause /cdr. Rosa Amanda Salim ajakarta :bGramedia a164 hlm ;c14 x 21 cm a023.4077 a023.4078 a023.4079